• 首页
  • 本馆介绍
  • 公告通知
  • 最新文献
  • 馆藏检索
  • 电子资源
  • 读者导购
  • 参考咨询
  • 我的图书馆
  • 登录
  • 详细信息显示
  • 放入我的书架
  • 预约/预借图书
  • 作者相关作品
  • 分类相关作品
  • 丛书相关作品
  • 出版社相关作品

书目信息

  • 表格格式
  • 工作单格式
  • 卡片格式
题名:
清洁能源技术政策与管理研究
    
 
作者: 赖先进 著
分册:  
出版信息: 北京   中国科学技术出版社  2014
页数: 210页
开本: 26cm
丛书名:
单 册:
中图分类: X38
科图分类:
主题词: 无污染技术--政策--研究 , 无污染技术--生产管理--研究
电子资源:
ISBN: 978-7-5046-6608-6
000 01114nam0 2200265 450
001 012015000747
005 20150911082554.82
010    @a978-7-5046-6608-6@dCNY66.00
100    @a20150104d2014 em y0chiy50 ea
101 0  @achi
102    @aCN@b110000
105    @ac z 000yy
106    @ar
200 1  @a清洁能源技术政策与管理研究@Aqing jie neng yuan ji shu zheng ce yu guan li yan jiu@e以碳捕集与封存为例@f赖先进著
210    @a北京@c中国科学技术出版社@d2014
215    @a210页@c肖像@d26cm
300    @a中国科协三峡科技出版资助计划
330    @a本书分析了碳捕集与封存技术成为国际气候变化治理选项的发展历程及其政治社会原因,对我国碳捕集与封存技术创新系统结构及功能进行了实证研究,并基于大科学工程五要素分析模型,对美国未来煤电工程、加州氢能工程和中国绿色煤电工程决策与执行进行了比较案例研究,提出促进我国碳捕集与封存技术发展的激励政策工具及其优先选项。
517 1  @a以碳捕集与封存为例
606 0  @a无污染技术@x政策@x研究
606 0  @a无污染技术@x生产管理@x研究
690    @aX38@v5
701  0 @a赖先进@Alai xian jin@f(1986~)@4著
801  0 @aCN@b碧洲教育@c20150718
905    @a10447@f4@dX38@e187
    
    清洁能源技术政策与管理研究:以碳捕集与封存为例/赖先进著.-北京:中国科学技术出版社,2014
    210页:肖像;26cm
    中国科协三峡科技出版资助计划
    
    ISBN 978-7-5046-6608-6:CNY66.00
    本书分析了碳捕集与封存技术成为国际气候变化治理选项的发展历程及其政治社会原因,对我国碳捕集与封存技术创新系统结构及功能进行了实证研究,并基于大科学工程五要素分析模型,对美国未来煤电工程、加州氢能工程和中国绿色煤电工程决策与执行进行了比较案例研究,提出促进我国碳捕集与封存技术发展的激励政策工具及其优先选项。
●
相关链接 在E读中查询图书 在五车中查询图书 在当当中查询图书 在豆瓣中查询图书


正题名:清洁能源技术政策与管理研究     索取号:X38/187         预约/预借

序号 登录号 条形码 馆藏地/架位号 状态 备注
1 0848188   208481882   第二样本阅览室/ [索取号:X38/187] 在馆    
2 0848189   208481891   第三借阅区/ [索取号:X38/187] 在馆    
3 0848190   208481908   第三借阅区/ [索取号:X38/187] 在馆    
4 0848191   208481917   密集书库-化学系/ [索取号:X38/187] 在馆    
唐山师范学院图书馆 欢迎您!
大连网信软件有限公司© 版权所有